Seasonal performance of three elite Hevea rubber clones in less favourably suited edaphic and climatic conditions of Orissa (Record no. 52465)

MARC details
000 -LEADER
fixed length control field 00651nam a2200169Ia 4500
100 ## - MAIN ENTRY--AUTHOR NAME
Personal name Gupta C.
245 #0 - TITLE STATEMENT
Title Seasonal performance of three elite Hevea rubber clones in less favourably suited edaphic and climatic conditions of Orissa
260 ## - PUBLICATION, DISTRIBUTION, ETC. (IMPRINT)
Name of publisher Placrosym XV, 2002, Mysore, India. (Eds. K.Sreedharan, P.K. Vinod Kumar, Jayarama and Basavaraja M. Chaluki). Central Coffee Research Institute, Karnataka, India, pp. 64-71.
Year of publication 2002
650 ## - SUBJECT ADDED ENTRY--TOPICAL TERM
Topical Term Clone
650 ## - SUBJECT ADDED ENTRY--TOPICAL TERM
Topical Term Orissa
650 ## - SUBJECT ADDED ENTRY--TOPICAL TERM
Topical Term Polyclonal seed
650 ## - SUBJECT ADDED ENTRY--TOPICAL TERM
Topical Term Seasonal growth
700 ## - ADDED ENTRY--PERSONAL NAME
Personal name Edathil T.T.
700 ## - ADDED ENTRY--PERSONAL NAME
Personal name Rao K.N.
942 ## - ADDED ENTRY ELEMENTS (KOHA)
Koha item type Bibliography STAF
Holdings
Withdrawn status Lost status Damaged status Not for loan Home library Current library Date acquired Koha item type
      Bibliography RRII Library RRII Library 09/04/2014 Bibliography STAF